Online Catalogue and eLibrary

Pandaya ilankaiyil thamilum thamilarum (Record no. 4158)

MARC details
000 -LEADER
fixed length control field 00460nam a2200157Ia 4500
005 - DATE AND TIME OF LATEST TRANSACTION
control field 20250323150506.0
008 - FIXED-LENGTH DATA ELEMENTS--GENERAL INFORMATION
fixed length control field 240331s9999 xx 000 0 und d
020 ## - INTERNATIONAL STANDARD BOOK NUMBER
ISBN 9558564001
082 ## - DDC Classification
Item Number - Author Mark PUS
Class No. 894
100 ## - MAIN ENTRY--PERSONAL NAME
Personal name Pushparatnam, P
245 #0 - TITLE STATEMENT
Title Pandaya ilankaiyil thamilum thamilarum
260 ## - PUBLICATION, DISTRIBUTION, ETC.
Place of publication, distribution, etc. Colombo
Name of publisher, distributor, etc. Colombo Tamil Sangam
Date of publication, distribution, etc. 2001
300 ## - PHYSICAL DESCRIPTION
Extent (e.g. Volumes, Pages etc.) 120 p .,
500 ## - GENERAL NOTE
General note Kalvettukkalin eluthum molzhium matrum pandaiya tamilarum tamil panpaadum
942 ## - Koha item type (Biblio)
Koha item type Books in Stacks (Lending)
Holdings
Lost status Damaged status Collection code Home library Current library Shelving location Date acquired Full call number Accession Number Item type
    Lending WERC Library WERC Library Social Science Cupboard 03/31/2024 894.11 PUS 4293 Books in Stacks (Lending)

© WERC Library